| 000 | 00726nam a2200241 a 4500 | ||
|---|---|---|---|
| 005 | 20200104041509.0 | ||
| 008 | 140220b1995 ck ||||| |||| 00| 0 spa d | ||
| 041 | _aspa | ||
| 044 | _ack | ||
| 082 | 0 | 4 | _a338.1098 |
| 100 | 1 |
_aThrupp, Lori Ann _97434 |
|
| 245 | 1 | 0 |
_aCosechas dulces con sabor amargo _bla paradoja de las cosechas latinoamericanas en los mercados mundiales |
| 260 |
_aCali _bFES _c1995 |
||
| 300 |
_a199 p. _c25 cm. |
||
| 650 | 4 |
_aAgroecología _9230 |
|
| 650 | 4 |
_aAgricultura sostenible _9210 |
|
| 650 | 4 |
_aDesarrollo agrícola _925124 |
|
| 650 | 4 |
_aPolítica agrícola _97437 |
|
| 662 | 4 | _cAmérica Latina | |
| 700 | 1 |
_aBergeron, Gilles _97438 |
|
| 700 | 1 |
_aWaters, William F. _97439 |
|
| 942 |
_cImpreso _2ddc |
||
| 999 |
_c351 _d351 |
||